Sanat: "Katson sineen taivaan" - Katri Helena - Statistics

Yleistilastot
  • Tätä visaa on pelattu 75 kertaa
  • Keskiarvotulos 86 / 130
Vastaustilastot
% Oikein
Katson
94%
94%
siineen
94%
sineen
94%
taivaan,
94%
kirkkain
92%
kotiin
92%
tähti
91%
Tähti
91%
mua.
89%
mua,
89%
vaivaan,
89%
ohjaa
87%
pyynnöin
85%
Taas
85%
sua.
75%
lapsonen
68%
Etsien
66%
etsien
66%
käy
66%
maan,
66%
64%
koskaan
57%
vain
55%
vaan.
51%
kai
49%
saan.
49%
saan,
49%
löytää
47%
tokkopa
47%
en
45%
Lintunenkin
45%
pesäpuun
45%
vaistollaan.
45%
suo,
43%
oon,
42%
juurtua
40%
luo.
38%
kotina
36%
Mutta
36%
muuttaessaan
36%
löydä
34%
loisteesi
32%
mielen
32%
milloinkaan.
32%
rauhaa
32%
haikeus
28%
ilta
28%
Siivetön
28%
yön.
28%
yön,
28%
eksyneen
26%
etsiä
26%
viitaksi
25%
iltaan
23%
vie
23%
hohtees
21%
syliin
19%
kaipaustaan.
17%
turhaan
17%
mennessään
13%
lohtua
11%
peittäen
11%
raukenevaan.
11%
Toiveenikin
9%
työn
9%
päivien
8%
Ehtoja vastaavia visoja ei löytynyt
Tulosjakauma
Jokaisen tuloksen saaneiden osuus
Persentiili vastausten määrän mukaan
Tuloshistoriasi
Et ole pelannut tätä visaa